00931nam a22002417a 45000010005000000030006000050050017000110080041000280200018000690400029000871000017001162450085001332500035002182600051002533000049003045050009003535200196003625210024005585210021005826000022006036500030006257000034006553340FISKH20250815160931.0240228b cb ||||| |||| 00| 0 eng d a9789814281218 aFISKHbengcFISKHdFISKH aGiles, Jenny aThe boy who cried wolf /cRetold by Jenny Giles ; illustrated by Naomi C. Lewis  aThis edition published in 1998 aNew Tech Park: bCengage Learning Asia, c1998 a32 pages : bcolor illustrations ;c22 cm .  aM  aAesop, the teller of fables, was born in Thrace (Northern Greece) in the 6th century BC. The illustrator has moved the story closer to the present day. Set in the Balkans in the 18th century.8 a540 bLexile 8 aM bRaz-Plus  2 fablesvfolktale aFables and TalesvFiction aLewis, Naomi C.eillustrator